[Event "Hradec Kralove Region-chT 0506"]
[Site "Czech Republic"]
[Date "2006.02.05"]
[Round "7.7"]
[White "Samek, Jiri"]
[Black "Palij, Lubomir"]
[Result "0-1"]
[WhiteElo "1680"]
[BlackElo "1864"]
[PlyCount "120"]
[EventDate "2005.10.23"]
[EventType "team-tourn"]
[EventRounds "11"]
[EventCountry "CZE"]
[SourceTitle "EXT 2024"]
[Source "ChessBase"]
[SourceDate "2023.10.10"]
[SourceVersion "1"]
[SourceVersionDate "2023.10.10"]
[SourceQuality "1"]
[WhiteTeam "Lipa II"]
[BlackTeam "Lipa"]
[WhiteTeamCountry "CZE"]
[BlackTeamCountry "CZE"]

1. d4 Nf6 2. Nf3 g6 3. Bf4 Bg7 4. e3 0-0 5. h3 c5 6. Bxb8 Rxb8 7. c3 b6 8. Nbd2 Bb7 9. Be2 Qc7 10. 0-0 d6 11. Ng5 h6 12. Ngf3 e6 13. Nh2 Rbd8 14. Bf3 Rfe8 15. Bxb7 Qxb7 16. Qf3 Qc7 17. Ng4 Nh7 18. Rfd1 h5 19. Nh2 Qe7 20. Nhf1 Rc8 21. Nb3 Rc7 22. d5 e5 23. e4 Bh6 24. Qe2 Qh4 25. Nbd2 Rf8 26. Nc4 Rd7 27. Nh2 Ng5 28. Nd2 f5 29. f3 fxe4 30. fxe4 Qg3 31. Rf1 Nxh3+ 32. Kh1 Nf2+ 33. Kg1 Be3 34. Ndf3 Ng4+ 35. Kh1 Bf4 36. Qe1 Nxh2 37. Qxg3 Bxg3 38. Nxh2 Bxh2 39. Rxf8+ Kxf8 40. Kxh2 Rf7 41. Kg1 Kg7 42. Re1 Kh6 43. Re3 Rf4 44. g3 Rf6 45. c4 Kg5 46. Ra3 Rf7 47. Kg2 Kg4 48. Re3 g5 49. Ra3 h4 50. gxh4 gxh4 51. Re3 Rf4 52. b3 Rf7 53. Rd3 a6 54. a3 a5 55. Rc3 Rf4 56. Re3 h3+ 57. Rxh3 Rf2+ 58. Kxf2 Kxh3 59. a4 Kg4 60. Ke3 Kg3 0-1

[Event "Hradec Kralove Region-chT 0506"]
[Site "Czech Republic"]
[Date "2006.01.08"]
[Round "5.7"]
[White "Korinek, Pavel"]
[Black "Palij, Lubomir"]
[Result "1-0"]
[WhiteElo "1866"]
[BlackElo "1864"]
[PlyCount "147"]
[EventDate "2005.10.23"]
[EventType "team-tourn"]
[EventRounds "11"]
[EventCountry "CZE"]
[SourceTitle "EXT 2024"]
[Source "ChessBase"]
[SourceDate "2023.10.10"]
[SourceVersion "1"]
[SourceVersionDate "2023.10.10"]
[SourceQuality "1"]
[WhiteTeam "Horice Jiskra"]
[BlackTeam "Lipa"]
[WhiteTeamCountry "CZE"]
[BlackTeamCountry "CZE"]

1. e4 c5 2. Nf3 d6 3. d4 cxd4 4. Nxd4 Nf6 5. Nc3 a6 6. Be2 e6 7. 0-0 Be7 8. Bf3 0-0 9. Re1 Qc7 10. Qe2 Nbd7 11. Bf4 Ne5 12. Bg3 b5 13. Nd1 Bb7 14. Bxe5 dxe5 15. Nb3 Rac8 16. c3 Rfd8 17. Ne3 Rd7 18. Nf1 Rcd8 19. Ng3 Qb6 20. Qe3 Qxe3 21. Rxe3 h6 22. Kf1 Nh7 23. Ree1 Ng5 24. Ke2 Nxf3 25. gxf3 g6 26. Red1 f5 27. Rxd7 Rxd7 28. Rd1 Rxd1 29. Kxd1 Kf7 30. Ke2 h5 31. Nd2 Bc5 32. b3 Ke7 33. Ke1 Bc6 34. Ne2 f4 35. Nc1 g5 36. Nd3 Bd6 37. Ke2 Bb7 38. c4 Bc6 39. c5 Bc7 40. b4 Kf6 41. h3 Bd8 42. Nb3 Bc7 43. Nd2 Bd8 44. Nc1 Bc7 45. Kd3 Bd8 46. Kc3 Ke7 47. Kb3 Bc7 48. Ne2 Bd8 49. Nc3 Bc7 50. a4 bxa4+ 51. Nxa4 a5 52. Nc3 axb4 53. Kxb4 Be8 54. Nb5 Bb8 55. Ka5 Bc6 56. Kb6 Kd7 57. Nc4 Ba8 58. Ncd6 Bxd6 59. Nxd6 Bc6 60. Nf7 g4 61. fxg4 Bxe4 62. Nxe5+ Ke7 63. c6 Bxc6 64. Kxc6 hxg4 65. hxg4 Kf6 66. Kd6 Kg5 67. Kxe6 f3 68. Kd5 Kf4 69. Kd4 Kg5 70. Ke4 Kh4 71. Kf4 Kh3 72. g5 Kg2 73. g6 Kxf2 74. g7 1-0

[Event "Hradec Kralove Region-chT 0506"]
[Site "Czech Republic"]
[Date "2005.11.27"]
[Round "3.8"]
[White "Palij, Lubomir"]
[Black "Svida, Rostislav"]
[Result "1/2-1/2"]
[WhiteElo "1864"]
[BlackElo "1713"]
[PlyCount "123"]
[EventDate "2005.10.23"]
[EventType "team-tourn"]
[EventRounds "11"]
[EventCountry "CZE"]
[SourceTitle "EXT 2024"]
[Source "ChessBase"]
[SourceDate "2023.10.10"]
[SourceVersion "1"]
[SourceVersionDate "2023.10.10"]
[SourceQuality "1"]
[WhiteTeam "Lipa"]
[BlackTeam "Dvur Kralove nad Labem"]
[WhiteTeamCountry "CZE"]
[BlackTeamCountry "CZE"]

1. d4 Nf6 2. c4 g6 3. Nc3 Bg7 4. e4 d6 5. Nf3 0-0 6. Be2 Nc6 7. 0-0 e5 8. d5 Ne7 9. a3 h6 10. Bd2 Nh5 11. Ne1 Nf4 12. Nd3 g5 13. Be3 Neg6 14. f3 f5 15. Qd2 Kh7 16. Rac1 Nh4 17. Nxf4 gxf4 18. Bf2 Rg8 19. Bxh4 Qxh4 20. Bd3 fxe4 21. Nxe4 Kh8 22. Qf2 Bf6 23. Qxh4 Bxh4 24. Rc2 b6 25. b4 Bb7 26. Rb1 Ba6 27. Bf1 Rab8 28. Rbc1 Bb7 29. Bd3 Be7 30. Nc3 Rg7 31. Nb5 c6 32. Nc3 Rbg8 33. Bf5 cxd5 34. cxd5 Rg5 35. Be6 R8g7 36. Ne4 Rh5 37. Rd2 Bf8 38. Bc8 Ba8 39. Be6 Bb7 40. Bg4 Rh4 41. g3 fxg3 42. hxg3 Rhxg4 43. fxg4 Rxg4 44. Nf6 Rxg3+ 45. Rg2 Rxg2+ 46. Kxg2 Kg7 47. Rc7+ Kxf6 48. Rxb7 e4 49. Rxa7 h5 50. a4 Ke5 51. Rb7 Kxd5 52. Rxb6 Kd4 53. Rb8 Bh6 54. a5 e3 55. Kf3 Kd3 56. a6 Bg7 57. a7 e2 58. a8Q e1Q 59. Qd5+ Bd4 60. Qf5+ Kd2 61. Qf4+ Kd3 62. Qf5+ 1/2-1/2